Modernios administracijos tapsmas Lietuvoje: valstybės institucijų raida 1764-1794 metais

Titel: Modernios administracijos tapsmas Lietuvoje: valstybės institucijų raida 1764-1794 metais : kolektyvinė monografija / Ramunė Šmigelskytė-Stukienė ...
Beteiligt:
Veröffentlicht: Vilnius : Petro Ofsetas, 2014
Umfang: 691 Seiten : Illustrationen, Karten
Format: Buch
Sprache: Litauisch
Schlagworte:
ISBN: 9789955847892
Buchumschlag
X
Lokale Klassifikation: 45 12 K ; 45 12 F
alg: 36130714
001A    $03004:02-07-15 
001B    $03025:13-02-24 $t10:51:12.000 
001D    $03004:28-10-15 
001U    $0utf8 
001X    $00 
002@    $0Aau 
002C    $aText $btxt $2rdacontent 
002D    $aohne Hilfsmittel zu benutzen $bn $2rdamedia 
002E    $aBand $bnc $2rdacarrier 
003@    $0361307144 
004A    $A978-9955-847-89-2 
007A    $0361307144 $aHEB 
007G    $0DE020EAE06222962E7935C1257EF2002F16DE 
009P    $qapplication/pdf $A2 $3Inhaltsverzeichnis $uhttp://scans.hebis.de/HEBCGI/show.pl?36130714_toc.pdf $mV:DE-603;B:DE-Mb50 
010@    $alit 
011@    $a2014 
021A    $aModernios administracijos tapsmas Lietuvoje: valstybės institucijų raida 1764-1794 metais $dkolektyvinė monografija $hRamunė Šmigelskytė-Stukienė ... 
028C    $#Stukienė, Ramunė Šmigelskytė- $71176146831 $8Šmigelskytė-Stukienė, Ramunė$Z1970- [Tp3] $9441454925 
033A    $pVilnius $nPetro Ofsetas 
034D    $a691 Seiten 
034M    $aIllustrationen, Karten 
037A    $aLiteraturverzeichnis Seite [625] - 640 
044K    $RLitovskaja Gubernija $RLitauische Sozialistische Sowjetrepublik $#Litauen $#Litauen $#Lithuania $#Lietuvos Respublika $#République Lithuanienne $#Lithuanie $#Litva 1918 - 1940, 1991, 9 - $#Litovskaja Respublika $#Lithuania 1918 - 1940, 1991, 9 - $#Republik Litauen $#Republic of Lithuania $#Lithuanian Republic $#Litauische Republik $#Lietuva $74074266-0 $8Litauen [Tg1] $9085209074 
044K    $RÖffentlicher Dienst $#Public administration $#Administration publique $#Administration $#Administration $#Administration $#Öffentliche Verwaltung $#Staatsverwaltung $#Verwalten $#Verwaltungssystem $74063317-2 $8Verwaltung [Ts1] $9085177431 
044K    $RVerwaltung $#Administrative agencies $#Public administration $#Administration $#Administration publique $#Agenzie amministrative $#Behörde $#Agentur Behörde $#Staatliche Behörde $#Verwaltungsbehörde $#Verwaltungsinstanz $74005298-9 $8Behörde [Ts1] $9085006025 
044K    $#Politics and government $#Politics, Practical $#Politique et gouvernement $#Pratiques politiques $#Politica $#policies $#Politics $#Politik $#Politik $#Staatspolitik $#Politische Lage $#Politische Entwicklung $#Politische Situation $74046514-7 $8Politik [Tsz] $9085129836 
045F    $a351.4793 $eDDC23BSB 
045F/01 $a351 
045F/03 $g4793 
045G    $a340.09 $eDDC23BSB 
045G/01 $a340.09 
045G/03 $f0903 
045G/03 $f09041 
045G/03 $g4793 
045R    $aGeschichte 1764-1794 
046L    $aZusammenfassung in englischer und polnischer Sprache 

lok: 36130714 24
101B    $028-10-15 $t14:56:47.000 
101C    $028-10-15 
101U    $0utf8 
145Z/01 $a45 12 K 
145Z/02 $a45 12 F 

exp: 36130714 24 1 #EPN
201B/01 $028-10-15 $t14:13:00.000 
201C/01 $002-07-15 
201U/01 $0utf8 
203@/01 $0756351790 
208@/01 $a28-10-15 $bz 
209A/01 $a15.08238 $du $f050 $h15 08238 $x00 
209C/01 $a15.08238 K $h15 08238 K 
209G/01 $a73712874 $x00 
220C/01 $acer 
247C/01 $8358050-7 Marburg, Bibliothek des Herder-Instituts Marburg $9102600961 

lok: 36130714 78

exp: 36130714 78 1 #EPN
201B/01 $013-02-24 $t10:48:28.000 
201C/01 $013-02-24 
201U/01 $0utf8 
203@/01 $0125636634X 
208@/01 $a13-02-24 $be 
209A/01 $a/ $f000 $x00 
209A/01 $ab*p $x01 
220C/01 $apgar 
244Z/01 $#Litauen $#Litauen $#Lithuania $#Lietuvos Respublika $#République Lithuanienne $#Lithuanie $#Litva 1918 - 1940, 1991, 9 - $#Litovskaja Respublika $#Lithuania 1918 - 1940, 1991, 9 - $#Republik Litauen $#Republic of Lithuania $#Lithuanian Republic $#Litauische Republik $#Lietuva $74074266-0 $8--Tg1--Litauen $x10 $9085209074 
247C/01 $82080>Marburg/Lahn, Herder-Institut, Forschungsbibliothek, Bibliographieportal $9336309341
LEADER 00000cam a2200000 c 4500
001 361307144
003 DE-603
005 20240213105112.0
007 tu
008 150702s2014 xx |||| | u00||u|lit c
020 |a 9789955847892 
035 |a (DE-599)HEB361307144 
040 |a DE-603  |b ger  |c DE-603  |d DE-603 
041 |a lit 
082 0 4 |8 1\u  |a 351.4793  |q DE-101  |2 23/BSB 
083 0 |8 2\u  |a 340.09  |q DE-101  |2 23/BSB 
085 |8 1\u  |b 351 
085 |8 1\u  |z 2  |s 4793 
085 |8 2\u  |b 340.09 
085 |8 2\u  |z 1  |s 0903 
085 |8 2\u  |z 1  |s 09041 
085 |8 2\u  |z 2  |s 4793 
245 0 0 |a Modernios administracijos tapsmas Lietuvoje: valstybės institucijų raida 1764-1794 metais  |b kolektyvinė monografija  |c Ramunė Šmigelskytė-Stukienė ... 
264 1 |a Vilnius  |b Petro Ofsetas  |c 2014 
300 |a 691 Seiten  |b Illustrationen, Karten 
336 |a Text  |b txt  |2 rdacontent 
337 |a ohne Hilfsmittel zu benutzen  |b n  |2 rdamedia 
338 |a Band  |b nc  |2 rdacarrier 
500 |a Literaturverzeichnis Seite [625] - 640 
546 |a Zusammenfassung in englischer und polnischer Sprache 
648 7 |a Geschichte 1764-1794  |2 gnd 
650 7 |a Verwaltung  |0 (DE-588)4063317-2  |0 (DE-603)085177431  |2 gnd 
650 7 |a Behörde  |0 (DE-588)4005298-9  |0 (DE-603)085006025  |2 gnd 
650 7 |a Politik  |0 (DE-588)4046514-7  |0 (DE-603)085129836  |2 gnd 
651 7 |a Litauen  |0 (DE-588)4074266-0  |0 (DE-603)085209074  |2 gnd 
700 1 |a Šmigelskytė-Stukienė, Ramunė  |d 1970-  |0 (DE-603)441454925  |0 (DE-588)1176146831  |2 gnd 
856 4 2 |m V:DE-603;B:DE-Mb50  |q application/pdf  |u http://scans.hebis.de/HEBCGI/show.pl?36130714_toc.pdf  |3 Inhaltsverzeichnis 
924 0 |9 Mb 50  |a (DE-603)756351790  |b DE-Mb50  |c HES  |d c  |g 15.08238 
924 0 |9 2080  |a (DE-603)125636634X  |b DE-2080  |c HES  |d d  |g /